Patterns in prehistory : mankind's first three million years /

Bibliographic Details
Main Author: Wenke, Robert J.
Format: Book
Language:English
Published: New York : Oxford University Press, 1980.
Subjects:

MARC

Tag First Indicator Second Indicator Subfields
LEADER 00000pam a2200000 i 4500
001 in00000675452
005 20151015095119.0
008 781106s1980 nyua b 00110 eng
010 |a  78025942  
020 |a 0195025563 
020 |a 0195025571 (pbk.) 
035 |a (OCoLC)04492726 
035 |9 ACY9851AM 
040 |a DLC  |c DLC  |d TXA  |d UtOrBLW 
049 |a TXAM  |c 1 [1478844], 2 [A11180860] 
050 0 0 |a GN740  |b .W46 
082 0 |a 573/.3 
100 1 |a Wenke, Robert J. 
245 1 0 |a Patterns in prehistory :  |b mankind's first three million years /  |c Robert J. Wenke. 
264 1 |a New York :  |b Oxford University Press,  |c 1980. 
300 |a xii, 724 pages :  |b illustrations ;  |c 24 cm. 
336 |a text  |b txt  |2 rdacontent 
337 |a unmediated  |b n  |2 rdamedia 
338 |a volume  |b nc  |2 rdacarrier 
504 |a Includes bibliographies and index. 
650 0 |a Prehistoric peoples. 
999 |a MARS 
999 f f |s e528b901-9b05-3086-b70b-8c64a7daca58  |i 14a6768f-8cbe-3b6d-a1b8-5d440cf675ef  |t 0 
952 f f |p ric  |a Texas A&M University  |b Rellis Campus  |c Joint Library Facility  |d Remote Storage  |t 0  |e GN740 .W46  |h Library of Congress classification  |i unmediated -- volume  |m A14802435583 
998 f f |a GN740 .W46  |t 0  |l Remote Storage